Patronos dos personagens de Harry Potter - Statistics

Estatísticas Gerais
  • Esse quiz foi jogado 471 vezes
  • A pontuação média é 9 de 14
Estatísticas das Respostas
Hint Resposta % Correto
Harry Potter Cervo
99%
Minerva McGonagall Gato
87%
Dolores Umbridge Gato
87%
Rony Weasley Cão
84%
Alvo Dumbledore Fênix
81%
Sirius Black Cachorro
78%
Hermione Granger Lontra
67%
Luna Lovegood Lebre
65%
Gina Weasley Cavalo
58%
Ninfadora Tonks Lobo
58%
Severo Snape Corsa
44%
Neville Longbottom Leão
32%
Cho Chang Cisne
28%
Arthur Weasley Doninha
26%
Nenhum quiz correspondente encontrado
Distribuição das Pontuações
Porcentagem de Pessoas com Cada Pontuação
Percentil de Números Respondidos
Sua Pontuação Histórica
Você não jogou esse quiz